| 000 | 00925nam a2200229Ia 4500 | ||
|---|---|---|---|
| 005 | 20251020182616.0 | ||
| 008 | 200515s9999 xx 000 0 und d | ||
| 082 | _aSC/693.55(094.7)/I59 | ||
| 110 | _aImcyc | ||
| 245 | 0 | _aReglamento de las construcciones de concreto reforzado (ACI 318-83) y comentarios | |
| 260 | _aMéxico, D.F. | ||
| 260 | _c1985 | ||
| 300 | _a595 | ||
| 500 | _a concreto preforzado, elementos de placas plegadas y cascarones, evaluación de la resistencia de estructura, etc. | ||
| 520 | _aComprende el diseño y la construcción adecuados de edificios de concreto reforzado. Está escrito como referencia dentro de un reglamento general de construcción. Algunos temas cubiertos son: permisos y planos, supervisión, especificaciones, materiales, ca | ||
| 650 | _aACI-318 | ||
| 650 | _aCONCRETO | ||
| 650 | _aMEXICO | ||
| 650 | _aPUB IMCYC | ||
| 650 | _aREGLAMENTO NACIONAL | ||
| 942 | _cLIB | ||
| 999 |
_c3499 _d3499 |
||